The Development of Japanese Business, 1600-1973 : (Record no. 613357)

MARC details
000 -LEADER
fixed length control field 00541nam a2200193 a 4500
008 - FIXED-LENGTH DATA ELEMENTS--GENERAL INFORMATION
fixed length control field 260220s2005##################000#0#eng##
020 ## - INTERNATIONAL STANDARD BOOK NUMBER
ISBN 9780415381505
082 04 - DEWEY DECIMAL CLASSIFICATION NUMBER
Classification number 338.0952
Item number HIR
100 1# - MAIN ENTRY--AUTHOR NAME
Personal name Hirschmeier, Johannes,
245 10 - TITLE STATEMENT
Title The Development of Japanese Business, 1600-1973 :
260 ## - PUBLICATION, DISTRIBUTION, ETC. (IMPRINT)
Name of publisher Taylor & Francis US,
Year of publication 2005.
300 ## - PHYSICAL DESCRIPTION
Number of Pages 352 pages
650 #0 - SUBJECT ADDED ENTRY--TOPICAL TERM
Topical Term Business & Economics.
942 ## - ADDED ENTRY ELEMENTS (KOHA)
Koha item type English Books

No items available.

Find us on the map